Statistics for Aidan Turner Filmography

Click here to take the quiz!

General Stats

  • This quiz has been taken 6 times
    (3 since last reset)
  • The average score is 8 of 39

Answer Stats

TypeYearName% Correct
Film2014The Hobbit: The Battle of the Five Armies
100%
Film2013The Hobbit: The Desolation of Smaug
100%
TV Show2009-2011Being Human
67%
TV Show2021Leonardo
67%
TV Show2015-2019Poldark
67%
Film2012The Hobbit: An Unexpected Journey
67%
TV Mini-Series2015And Then There Were None
33%
Web Series2023Fifteen-Love
33%
Theater2023Lemons Lemons Lemons Lemons Lemons
33%
Film2019Love Is Blind
33%
Film2017Loving Vincent
33%
Web SeriesTBARivals
33%
Theater2008Romeo and Juliet
33%
TV Show2007The Tudors
33%
FilmTBAThe Way of the Wind
33%
Theater2005A Cry from Heaven
0%
Film2008Alarm
0%
Theater2007Cyrano
0%
TV Mini-Series2009Desperate Romantics
0%
Theater2006-2007Drive-by
0%
TV Film2011Hattie
0%
Theater2007La Marea
0%
Short Film2007Matterhorn
0%
Short Film2023Paso Doble
0%
TV Pilot2010Resonance
0%
Theater2005Suddenly Last Summer
0%
TV Show2008-2009The Clinic
0%
Theater2006The Crock of Gold
0%
Theater2018The Lieutenant of Inishmore
0%
Film2018The Man Who Killed Hitler and Then the Bigfoot
0%
Film2013The Mortal Instruments: City of Bones
0%
Theater2005The Plough and the Stars
0%
Podcast2022The Sandman
0%
Film2016The Secret Scripture
0%
Short Film2007The Sound of People
0%
TV Show2022The Suspect
0%
Theater2005Titus Andronicus
0%
TV Show2022Toast of Tinseltown
0%
Theater2005Yokohama Delegation
0%

Score Distribution

Percentile by Number Answered

Percent of People with Each Score

Your Score History

You have not taken this quiz since the last reset